| 000 | nam a22 7a 4500 | ||
|---|---|---|---|
| 999 |
_c129345 _d129345 |
||
| 008 | 190401b xxu||||| |||| 00| 0 eng d | ||
| 050 | _aPN98.D43 N6 | ||
| 100 |
_aNorris, Christopher _945670 |
||
| 245 |
_aDeconstruction _btheory and practice _cChristopher Norris |
||
| 260 |
_aLondon _bMethuen _c1982 |
||
| 300 |
_axiii, 160p. ; _c20cm. |
||
| 650 |
_aDeconstruction _945671 |
||
| 942 |
_2lcc _cMONOGRAPH |
||